000
00309nam a22001337a 4500
008
170712b xxu||||| |||| 00| 0 eng d
020
_a
051744769X
041
_a
eng
080
_a
030
100
_a
26
101
_a
ENC
245
_a
AN ILLUSTRATED ENCYCLOPEDIA OF MYTHOLOGY
_c
CAVENDISH, R
942
_2
udc
_c
BK
999
_c
20252
_d
20252